[Event "Open"]
[Site "Kavala GRE"]
[Date "2009.08.05"]
[Round "6"]
[White "Arun,Ka"]
[Black "Yakovich,Yur"]
[Result "1/2-1/2"]
[WhiteElo "2291"]
[BlackElo "2576"]

1.e4 c5 2.Nf3 Nc6 3.d4 cxd4 4.Nxd4 e6 5.Nc3 Qc7 6.f4 Nxd4 7.Qxd4 a6 8.Be3 b5
9.O-O-O Bb7 10.Be2 Rc8 11.Rd2 Nf6 12.Bf3 Be7 13.e5 b4 14.Na4 Bxf3 15.gxf3 Nd5
16.Nb6 Nxb6 17.Qxb6 Qxb6 18.Bxb6 Rc6 19.Ba5 Bc5 20.Rd3 Ke7 21.Rhd1 d5 22.exd6+ Rxd6
23.Rxd6 Bxd6 24.Rd4 Rb8 25.c3 bxc3 26.Bxc3 Rb6 27.Kc2 g6 28.a4 h6 29.h3 g5
30.fxg5 hxg5 31.Rc4 Kd7 32.h4  1/2-1/2

[Event "Open"]
[Site "Kavala GRE"]
[Date "2009.08.05"]
[Round "6"]
[White "Berescu,A"]
[Black "Pavlidis,Ana"]
[Result "1/2-1/2"]
[WhiteElo "2495"]
[BlackElo "2348"]

1.e4 c5 2.Nf3 e6 3.d4 cxd4 4.Nxd4 Nc6 5.Nc3 Qc7 6.g3 a6 7.Bg2 d6 8.O-O Bd7
9.a4 Nf6 10.Nb3 Be7 11.f4 Na5 12.Nxa5 Qxa5 13.Be3 Bc6 14.Qe2 O-O 15.Rfd1 Rfd8
16.Qd2 Qc7 17.a5 Nd7 18.Na4 Nc5 19.Nb6 Rab8 20.Qc3 Bf6 21.Bd4 Bxd4+ 22.Rxd4 Nd7
23.Nd5 exd5 24.exd5 Nf6 25.dxc6 bxc6 26.Qxc6 Qa7 27.c3 Rxb2 28.Re1 h6 29.h3 d5
30.Kh1 Rb5 31.g4 Rc5 32.Qb6 Qxb6 33.axb6 Rb8 34.g5 hxg5 35.fxg5 Ne4 36.c4 Rxb6
37.cxd5 Nd6 38.g6 fxg6 39.Re6 Rc4 40.Rd3 g5 41.Rg3 a5 42.Rxg5 a4 43.Re7 Nf7
44.Rg3 Rb3 45.Re8+ Kh7 46.Rxb3 axb3 47.Rb8 Rc3 48.Rb6 g5 49.d6 Kg7 50.d7  1/2-1/2

[Event "GMA"]
[Site "Peterhof RUS"]
[Date "2009.08.05"]
[Round "3"]
[White "Gritsenko,An"]
[Black "Terekhov,A"]
[Result "1/2-1/2"]
[WhiteElo "2401"]
[BlackElo "2301"]

1.e4 c5 2.Nf3 e6 3.d4 cxd4 4.Nxd4 Nc6 5.Nc3 Qc7 6.Be3 Nf6 7.f4 d6 8.Qf3 a6
9.O-O-O Be7 10.Rg1 O-O 11.g4 Nxd4 12.Bxd4 e5 13.Bf2 exf4 14.g5 Nd7 15.Nd5 Qd8
16.Qxf4 b5 17.Bd4 Kh8 18.Bd3 Ne5 19.Nb6 Rb8 20.Nxc8 Rxc8 21.Qg3 f6 22.g6 Nxg6
23.h4 Rf7 24.e5 fxe5 25.Bxg6 hxg6 26.Qxg6 Qg8 27.Be3 Qh7  1/2-1/2

[Event "Open"]
[Site "Ptuj SLO"]
[Date "2009.08.05"]
[Round "5"]
[White "Kavcic,J"]
[Black "Polajzer,D"]
[Result "1-0"]
[WhiteElo "1998"]
[BlackElo "2353"]

1.e4 c5 2.Nf3 e6 3.d4 cxd4 4.Nxd4 Nc6 5.Nc3 Qc7 6.Be3 a6 7.Bd3 Nf6 8.O-O Nxd4
9.Bxd4 Bc5 10.Bxc5 Qxc5 11.Kh1 b5 12.a3 Bb7 13.f4 d5 14.e5 d4 15.exf6 dxc3
16.Qe2 cxb2 17.Rae1 gxf6 18.Be4 Bxe4 19.Qxe4 Rc8 20.Re2 Qc4 21.Qf3 f5 22.Rfe1 O-O
23.Qf2 Kh8 24.c3 Qxc3 25.Rxb2 Rc4 26.Rbe2 Qd4 27.Re3 Qxf4 28.Rf3 Qd4 29.Qe2 Rfc8
30.Rd3 Rc2 31.Qxc2  1-0

[Event "HZ Open"]
[Site "Vlissingen NED"]
[Date "2009.08.05"]
[Round "6"]
[White "Shyam,SM"]
[Black "Nijboer,F"]
[Result "1/2-1/2"]
[WhiteElo "2415"]
[BlackElo "2552"]

1.e4 c5 2.Nf3 Nc6 3.d4 cxd4 4.Nxd4 e6 5.Nc3 Qc7 6.Be3 Nf6 7.Qd2 a6 8.O-O-O Be7
9.f3 h5 10.Kb1 b5 11.Nb3 Ne5 12.Qf2 d6 13.Bb6 Qb8 14.Bd3 b4 15.Ne2 Nfd7 16.Bd4 a5
17.f4 Nxd3 18.cxd3 a4 19.Nbc1 e5 20.Be3 Nf6 21.h3 Qc7 22.Rd2 Bb7 23.fxe5 dxe5
24.Ng3 g6 25.Rc2 Qd7 26.Bc5 h4 27.Bxe7 Qxe7 28.Nge2 O-O 29.Qc5 Qxc5 30.Rxc5 Ba6
31.Rxe5 Rfd8 32.Rf1 Nh5 33.Rf3 Rd7 34.Ra5 Rc7 35.Rd5 Ng3 36.Nxg3 hxg3 37.Rf1 Rac8
38.Rd1 Kg7 39.Rd6 Bb5 40.Rd5 Ba6 41.Rd6 Bb5 42.Rd5 Bd7 43.Ne2 Be6 44.Rb5 b3
45.Nc3 bxa2+ 46.Nxa2 Rc2 47.Rg1 Rd2 48.Nb4 Rf2 49.d4 Rc4 50.d5 Bd7 51.Rb7 Rxe4
52.Nd3 Bf5 53.Ka2 Rd2 54.Nc5 Red4 55.Ne6+ Bxe6 56.dxe6 Kf6  1/2-1/2

[Event "HZ Open"]
[Site "Vlissingen NED"]
[Date "2009.08.05"]
[Round "6"]
[White "Timmermans,I"]
[Black "Ernst,S"]
[Result "0-1"]
[WhiteElo "2223"]
[BlackElo "2598"]

1.e4 c5 2.Nf3 e6 3.d4 cxd4 4.Nxd4 Nc6 5.Nc3 Qc7 6.Be3 a6 7.Qd2 Nf6 8.O-O-O Bb4
9.f3 O-O 10.a3 Be7 11.g4 b5 12.g5 Ne8 13.f4 Nd6 14.Rg1 Na5 15.Nf5 exf5 16.Qf2 Nxe4
17.Nxe4 fxe4  0-1

[Event "XXXV Open"]
[Site "Badalona ESP"]
[Date "2009.08.06"]
[Round "6"]
[White "Vehi Bach,V"]
[Black "Brandenburg,D"]
[Result "0-1"]
[WhiteElo "2387"]
[BlackElo "2463"]

1.e4 c5 2.Nf3 e6 3.d4 cxd4 4.Nxd4 Nc6 5.Nc3 Qc7 6.Be3 a6 7.Qd2 Nf6 8.O-O-O Bb4
9.f3 O-O 10.g4 b5 11.g5 Ne8 12.h4 Ne5 13.f4 Nc4 14.Bxc4 Qxc4 15.Nde2 Nd6
16.Qd3 Bb7 17.a3 Bxc3 18.Nxc3 Nxe4 19.Qxc4 bxc4 20.Rxd7 Bc6 21.Rc7 Nxc3 22.Rxc6 Nd5
23.Bd2 Rfc8 24.Rxc8+ Rxc8 25.Rh3 f6 26.Rf3 Kf7 27.h5 g6 28.hxg6+ Kxg6 29.Rh3 Rc7
30.gxf6 Kxf6 31.Rh5 Rf7 32.Kd1 Ke7 33.Rh4 Kd6 34.Ke2 Rb7 35.Bc1 Rg7 36.Kf3 Ne7
37.Rh1 Nf5 38.Rd1+ Kc6 39.Ke4 Rg2 40.Ke5 Re2+ 41.Kf6 h5 42.Kg5 h4  0-1

[Event "University of Twente YM"]
[Site "Enschede NED"]
[Date "2009.08.06"]
[Round "7"]
[White "Bok,B"]
[Black "Van Assendelft,F"]
[Result "1/2-1/2"]
[WhiteElo "2360"]
[BlackElo "2332"]

1.e4 c5 2.Nf3 e6 3.d4 cxd4 4.Nxd4 Nc6 5.Nc3 Qc7 6.Be3 a6 7.Qd2 Nf6 8.O-O-O b5
9.Bf4 Qb6 10.Nxc6 Qxc6 11.f3 Bb7 12.Kb1 Bb4 13.Be5 O-O-O 14.a3 Be7 15.Bd3 b4
16.axb4 Bxb4 17.Qf2 d6 18.Bd4 Kb8 19.Na2 Bc5 20.Bxc5 Qxc5 21.Qxc5 dxc5 22.Nc1 Kc7
23.Nb3 Nd7 24.Be2 Kc6 25.Rd2 Ne5 26.Rhd1 Rxd2 27.Rxd2 g5 28.c3 Kb6 29.Rd6+ Kc7
30.Rd1 Kb6 31.Rd6+ Kc7 32.Rd1 Kb6  1/2-1/2

[Event "University of Twente YM"]
[Site "Enschede NED"]
[Date "2009.08.06"]
[Round "7"]
[White "Burg,T"]
[Black "Hoolt,S"]
[Result "1/2-1/2"]
[WhiteElo "2422"]
[BlackElo "2240"]

1.e4 c5 2.Nf3 e6 3.d4 cxd4 4.Nxd4 Nc6 5.Nc3 Qc7 6.Be2 a6 7.O-O Nf6 8.Be3 Be7
9.f4 d6 10.Kh1 O-O 11.a4 Re8 12.Bf3 Rb8 13.g4 Bf8 14.g5 Nd7 15.Bg2 g6 16.Qe1 b6
17.Rd1 Nxd4 18.Bxd4 b5 19.axb5 axb5 20.b4 Qc4 21.Qf2 Bb7 22.Rd3 Ra8 23.f5 exf5
24.exf5 Bxg2+ 25.Qxg2 Ra3 26.fxg6 hxg6 27.Qf3 Ne5 28.Bxe5 Rxe5 29.Nd5 Rf5
30.Nf6+ Kg7 31.Ne8+ Kg8 32.Nf6+ Kg7 33.Ne8+  1/2-1/2

[Event "110th US Open"]
[Site "Indianapolis USA"]
[Date "2009.08.06"]
[Round "6"]
[White "Antal,Ge"]
[Black "Zivanic,M"]
[Result "1-0"]
[WhiteElo "2479"]
[BlackElo "2471"]

1.e4 c5 2.Nf3 e6 3.d4 cxd4 4.Nxd4 Nc6 5.Nc3 Qc7 6.Be2 a6 7.O-O Nf6 8.Be3 Bb4
9.Na4 O-O 10.Nxc6 bxc6 11.f4 Rb8 12.Bd3 Be7 13.c4 d6 14.c5 d5 15.e5 Nd7 16.Rf3 g6
17.Qc2 a5 18.Rh3 Qa7 19.Qe2 d4 20.Bf2 Nxc5 21.Nxc5 Qxc5 22.Rd1 Qb6 23.g4 c5
24.f5 Bg5 25.Bh4 Be3+ 26.Bf2 Qxb2 27.Bxe3 Qxe2 28.Bxe2 dxe3 29.f6 Bb7 30.Rxe3 Bd5
31.Rc1 a4 32.Bc4 Rfd8 33.Rec3 Be4 34.Bf1 Bd5 35.a3 c4 36.Bxc4 Bxc4 37.Rxc4 h6
38.h4 Kh7 39.Rc7 Kg8 40.R1c2 g5 41.h5 Rd4 42.R7c4 Rxc4 43.Rxc4 Rb5 44.Rxa4 Rxe5
45.Kf2 Rc5 46.Ke3 Rc6 47.Ke4 Rc5 48.Ra8+ Kh7 49.Ra4 Rc3 50.Ra7 Kg8 51.Kd4 Rg3
52.Ra8+ Kh7 53.Rf8 e5+ 54.Ke4 Rxg4+ 55.Kxe5 Ra4 56.Rxf7+ Kg8 57.Rg7+ Kf8
58.Rb7 g4 59.Ke6 Ra8 60.Rb3 Rc8 61.Kf5 Kf7 62.Rb7+ Kf8 63.Kg6 Kg8 64.Rg7+ Kh8
65.Rh7+  1-0

[Event "Open"]
[Site "Kavala GRE"]
[Date "2009.08.06"]
[Round "7"]
[White "Kapnisis,S"]
[Black "Vorobiov,E"]
[Result "1/2-1/2"]
[WhiteElo "2464"]
[BlackElo "2598"]

1.e4 c5 2.Nf3 e6 3.d4 cxd4 4.Nxd4 Nc6 5.Nc3 Qc7 6.Be3 a6 7.Qd2 Nf6 8.O-O-O Bb4
9.f3 O-O 10.g4 b5 11.g5 Ne8 12.Nxc6 Qxc6 13.h4 f5 14.gxf6 Rxf6 15.Bd4 Rf7
16.Rg1 d6 17.e5 Bc5 18.Ne4 Bxd4 19.Qxd4 dxe5 20.Qxe5 Qc7 21.Nd6 Nxd6 22.Rxd6 Bb7
23.Qxe6 Kf8 24.Qe5 Re8 25.Qd4 Re1+ 26.Kd2 Re6 27.Rd8+ Ke7 28.Bh3 Re2+ 29.Kxe2 Qxc2+
30.Ke1 Qc1+ 31.Ke2 Qc2+ 32.Kf1 Rxf3+ 33.Ke1 Qc1+ 34.Ke2 Qc2+ 35.Ke1 Qc1+
36.Ke2  1/2-1/2

[Event "GMA"]
[Site "Peterhof RUS"]
[Date "2009.08.06"]
[Round "6"]
[White "Massironi,M"]
[Black "Terekhov,A"]
[Result "0-1"]
[WhiteElo "2178"]
[BlackElo "2301"]

1.e4 c5 2.Nf3 e6 3.d4 cxd4 4.Nxd4 Nc6 5.Nc3 Qc7 6.Be3 a6 7.Qd2 Nf6 8.O-O-O Be7
9.f3 O-O 10.g4 b5 11.Kb1 Bb7 12.Rg1 b4 13.Nce2 Rfd8 14.Ng3 d5 15.Nxc6 Bxc6
16.e5 d4 17.Bh6 Qxe5 18.Re1 Qc5 19.Bxg7 Kxg7 20.Nh5+ Nxh5 21.gxh5+ Kf8 22.Rxe6 Ke8
23.Rxc6 Qxc6 24.Bh3 Rd6 25.Rg8+ Bf8 26.Qe1+ Re6 27.Qxb4 Qc5 28.Qd2 d3 29.cxd3 Qe3
30.Rxf8+ Kxf8  0-1

[Event "Open"]
[Site "Ptuj SLO"]
[Date "2009.08.06"]
[Round "6"]
[White "Podkriznik,A"]
[Black "Vukmirovic,D"]
[Result "1/2-1/2"]
[WhiteElo "1796"]
[BlackElo "2113"]

1.e4 c5 2.Nf3 Nc6 3.d4 cxd4 4.Nxd4 e6 5.Nc3 Qc7 6.Be2 a6 7.O-O Nf6 8.Be3 Bb4
9.f3 O-O 10.Qd2 Ne5 11.Nb3 b6 12.Bd4 d5 13.Qg5 Nfd7 14.exd5 f6 15.Qg3 Bxc3
16.Bxc3 exd5 17.Rad1 Bb7 18.Bd3 Nc5 19.Bf5 Nxb3 20.axb3 Rad8 21.Rd4 Bc8 22.Bxc8 Qxc8
23.Qf2 a5 24.Kh1 Rf7 25.Rfd1 Qc5 26.b4 axb4 27.Bxb4 Qb5 28.Bc3 Rfd7 29.Qf1 Qxf1+
30.Rxf1 Nc6 31.Ra4 d4 32.Bd2 Re8 33.Ra6 Re2 34.Rd1 d3 35.c4 Na5 36.Bxa5 bxa5
37.Rxa5 Rxb2 38.Kg1 Rc2 39.Ra3 Re7 40.Raxd3 Ree2 41.g4 Rg2+ 42.Kf1 Rxh2 43.Kg1 h5
44.gxh5 Rxh5 45.Rd4 Rc5 46.Re4 R5xc4 47.Rxc4 Rxc4 48.Kg2 Kh7 49.Kg3 g5 50.Rd7+ Kg6
51.Rd8 Rh4 52.Rg8+ Kf7 53.Rc8 Rh7 54.Kg4 Rh4+ 55.Kg3 Rd4 56.Rb8 Rd1 57.Kg4 Rd4+
58.Kg3 Ra4 59.Rc8 Kg6 60.Rg8+ Kf5 61.Re8 g4 62.fxg4+ Rxg4+ 63.Kf3 Rf4+ 64.Kg3 Ra4
65.Rb8 Ra3+ 66.Kf2 Kf4 67.Rb4+ Kg5 68.Rb8 f5 69.Rg8+ Kf4 70.Re8 Ra2+ 71.Kg1 Kf3
72.Re7 f4 73.Rg7 Ra1+ 74.Kh2 Re1 75.Rg8 Kf2 76.Rg7 f3 77.Rc7 Re6 78.Rc2+ Re2
79.Rc1 Re6 80.Rc2+ Ke3 81.Rc3+ Ke2 82.Rc2+ Kd3 83.Rc7 Ke3 84.Rc3+ Kf2 85.Rc2+ Re2
86.Rc1 Rd2 87.Rb1 Ra2 88.Rc1 Ke3+ 89.Kg1 Ra4 90.Rc3+ Kf4 91.Rc7 Ra1+ 92.Kf2 Ra2+
93.Kf1 Ra4 94.Kf2  1/2-1/2

[Event "Arctic Chess Challenge"]
[Site "Tromso NOR"]
[Date "2009.08.06"]
[Round "6"]
[White "Hammer,J"]
[Black "Bernal Moro,L"]
[Result "1-0"]
[WhiteElo "2583"]
[BlackElo "2446"]

1.e4 c5 2.Nf3 e6 3.d4 cxd4 4.Nxd4 Nc6 5.Nc3 Qc7 6.Be2 Nf6 7.Be3 Be7 8.Qd2 a6
9.g4 O-O 10.g5 Ne8 11.f4 b5 12.O-O-O Bb7 13.Nb3 Rd8 14.f5 Ne5 15.Rhg1 Nc4
16.Bxc4 bxc4 17.Nd4 Bb4 18.g6 Bxc3 19.gxh7+ Kxh7 20.Qxc3 Bxe4 21.Bg5 f6 22.fxe6 Qe5
23.Qh3+ Kg8 24.Bh6 dxe6 25.Bxg7 Qf4+ 26.Rd2  1-0

[Event "XXXV Open"]
[Site "Badalona ESP"]
[Date "2009.08.07"]
[Round "7"]
[White "Panchanathan,M"]
[Black "Sundararajan,K"]
[Result "1/2-1/2"]
[WhiteElo "2493"]
[BlackElo "2506"]

1.e4 c5 2.Nf3 e6 3.d4 cxd4 4.Nxd4 Nc6 5.Nc3 d6 6.Be2 Nf6 7.Be3 Be7 8.O-O O-O
9.a4 Nxd4 10.Bxd4 b6 11.Qd3 Bb7 12.Rfd1 e5 13.Be3 h6 14.Bf3 a6 15.Qc4 Rb8
16.Rd2 Qc8 17.Qxc8 Rfxc8 18.Bxb6 Bxe4 19.Nxe4 Rxb6 20.Nxf6+ Bxf6 21.c3 Rcb8
22.Ra2 a5 23.g3 Kf8 24.h4 Bd8 25.Be2 Ke7 26.Bb5 R6b7 27.b4 Rc7 28.Rd3 axb4
29.cxb4 Rc1+ 30.Kg2 Rb1 31.Bc6 R1xb4 32.a5 Rc4 33.Bd5 Rc7 34.a6 Ra7 35.Rf3 f6
36.h5 Rb6 37.Rfa3 f5 38.g4 Rb5 39.Rd3 fxg4 40.Ra4 Kd7 41.Rxg4 Bf6 42.Ra4 Rb6
43.Bc4 Kc7 44.f3 Rc6 45.Kg3 Kd8 46.Kg4 Rxc4+ 47.Rxc4 Rxa6 48.Kf5 Kd7 49.Rb4 Ra5
50.Rb6 e4+ 51.Kxe4 Rxh5 52.Rbxd6+ Ke8 53.R6d5 Rxd5 54.Rxd5 Kf7 55.f4 Kg6
56.Rd1 Bc3 57.Rg1+ Kh7 58.f5  1/2-1/2

[Event "FSGM August"]
[Site "Budapest HUN"]
[Date "2009.08.07"]
[Round "7"]
[White "Rees,I"]
[Black "Seres,L"]
[Result "0-1"]
[WhiteElo "2339"]
[BlackElo "2456"]

1.e4 c5 2.Nf3 Nc6 3.d4 cxd4 4.Nxd4 e6 5.Nc3 Qc7 6.Be3 a6 7.Qd2 Nf6 8.O-O-O Bb4
9.f3 Ne5 10.Nb3 b5 11.Qe1 Be7 12.Qg3 b4 13.Na4 d6 14.f4 Ned7 15.e5 dxe5 16.fxe5 Nd5
17.Qxg7 Nxe3 18.Qxh8+ Nf8 19.Rd2 Bd7 20.Bd3 Bxa4 21.Re2 Bg5 22.Kb1 Bc6 23.Rhe1 Nd5
24.Rf2 a5 25.Nc5 Bf4 26.g3 Qb6 27.Ne4 O-O-O 28.Rxf4 Nxf4 29.gxf4 Bxe4 30.Bxe4 Qe3  0-1

[Event "FSGM August"]
[Site "Budapest HUN"]
[Date "2009.08.07"]
[Round "7"]
[White "Rees,I"]
[Black "Seres,L"]
[Result "0-1"]
[WhiteElo "2339"]
[BlackElo "2456"]

1.e4 c5 2.Nf3 Nc6 3.d4 cxd4 4.Nxd4 e6 5.Nc3 Qc7 6.Be3 a6 7.Qd2 Nf6 8.O-O-O Bb4
9.f3 Ne5 10.Nb3 b5 11.Qe1 Be7 12.Qg3 b4 13.Na4 d6 14.f4 Ned7 15.e5 dxe5 16.fxe5 Nd5
17.Qxg7 Nxe3 18.Qxh8+ Nf8 19.Rd2 Bd7 20.Bd3 Bxa4 21.Re2 Bg5 22.Kb1 Bc6 23.Rhe1 Nd5
24.Rf2 a5 25.Nc5 Bf4 26.g3 Bh6 27.Ne4 O-O-O  0-1

[Event "University of Twente YM"]
[Site "Enschede NED"]
[Date "2009.08.07"]
[Round "8"]
[White "Van Oosterom,C"]
[Black "Giri,A"]
[Result "0-1"]
[WhiteElo "2402"]
[BlackElo "2518"]

1.e4 c5 2.Nf3 e6 3.d4 cxd4 4.Nxd4 Nc6 5.Nc3 Qc7 6.Be2 a6 7.O-O Nf6 8.Kh1 Nxd4
9.Qxd4 Bc5 10.Qd2 O-O 11.Qg5 d6 12.Bd3 Nd7 13.f4 Bd4 14.e5 dxe5 15.Ne2 f5
16.Nxd4 exd4 17.Qe7 Qc6 18.b3 Nc5 19.Bb2 Re8 20.Qh4 Nxd3 21.cxd3 Qd6 22.Rf3 b5
23.Rg3 Ra7 24.Qf6 Rd7 25.Rf1 Rf8 26.Qe5 Qxe5 27.fxe5 Bb7  0-1

[Event "Mercosur Cup"]
[Site "Villa Martelli ARG"]
[Date "2009.08.07"]
[Round "4"]
[White "Obregon,A"]
[Black "Oliveira,Si"]
[Result "1/2-1/2"]
[WhiteElo "2406"]
[BlackElo "2357"]

1.e4 c5 2.Nf3 Nc6 3.d4 cxd4 4.Nxd4 e6 5.Nc3 d6 6.Be2 Nf6 7.O-O Be7 8.Be3 O-O
9.Kh1 a6 10.f4 Qc7 11.Qe1 Nxd4 12.Bxd4 b5 13.a3 Bb7 14.Bd3 Rad8 15.Qg3 Rd7
16.Rae1 Re8 17.e5 dxe5 18.Bxe5 Qd8 19.f5 Bd6 20.Qh3 Bxe5 21.Rxe5  1/2-1/2

[Event "XXXV Open"]
[Site "Badalona ESP"]
[Date "2009.08.08"]
[Round "8"]
[White "Lorenzo de la Riva,L"]
[Black "Ramiro Ovejero,J"]
[Result "0-1"]
[WhiteElo "2331"]
[BlackElo "2348"]

1.e4 c5 2.Ne2 e6 3.Nbc3 Nc6 4.d4 cxd4 5.Nxd4 Qc7 6.g3 a6 7.a4 Nf6 8.Bg2 Nxd4
9.Qxd4 Bc5 10.Qd3 Ng4 11.O-O h5 12.Qe2 Ne5 13.Bf4 h4 14.Nd1 hxg3 15.hxg3 d6
16.Be3 Bd7 17.f4 Ng6 18.c3 Rc8 19.Nf2 Bxe3 20.Qxe3 Qc5 21.Qxc5 Rxc5 22.Nd3 Rc7
23.a5 Ke7 24.Nb4 Bb5 25.Rfd1 Nf8 26.Nc2 g5 27.f5 Nd7 28.Nd4 Ne5 29.Nxb5 axb5
30.Bf1 g4 31.Kf2 b4 32.cxb4 Rh2+ 33.Ke3 Rxb2 34.Rab1 Rc3+ 35.Kd4 Rbc2 36.Bd3 Nc6+
37.Ke3 Rg2 38.Kf4 Ne5 39.Bf1 Rf3+ 40.Kg5 Rh2 41.f6+ Rxf6 42.Rbc1 Rff2 43.Rc7+ Kd8
44.Rxf7 Nxf7+ 45.Kxg4 Rh1  0-1

[Event "80th Jubilee Viktor Kart"]
[Site "Lviv UKR"]
[Date "2009.08.08"]
[Round "5"]
[White "Chulivska,V"]
[Black "Bulmaga,I"]
[Result "1-0"]
[WhiteElo "2304"]
[BlackElo "2277"]

1.e4 c5 2.Nf3 e6 3.d4 cxd4 4.Nxd4 Nc6 5.Nc3 Qc7 6.Be3 Nf6 7.Be2 a6 8.O-O Bb4
9.Nxc6 bxc6 10.a3 Bxc3 11.bxc3 d5 12.Bc5 Nxe4 13.Qd4 Nxc5 14.Qxc5 Qa7 15.Qxc6+ Bd7
16.Qd6 Qb8 17.Qxb8+ Rxb8 18.Bxa6 Ra8 19.Rfb1 Ke7 20.Bd3 Rhc8 21.Rb7 Ke8 22.Kf1 Rxc3
23.Rb3 Rc7 24.Ke2 Ke7 25.Kd2 e5 26.Bb5 Bxb5 27.Rxb5 Kd6 28.a4 Raa7 29.Rb4 Ra5
30.c3 f5 31.Ra3 f4 32.f3 g6 33.Kd3 Rca7 34.c4 dxc4+ 35.Rxc4 Ke6 36.Kc3 Kd5
37.Ra2 Rc5 38.Rxc5+ Kxc5 39.a5 h5 40.Kd3 Kd5 41.a6 g5 42.Ra5+ Ke6 43.Ke4 Kf6
44.Kd5 g4 45.Kc6 h4 46.fxg4 h3 47.gxh3 f3 48.Kd5 f2 49.Ra1 Kg5 50.Rf1 Rxa6
51.Rxf2 Ra5+ 52.Ke4 Kh4 53.Rf3 Rb5 54.Kf5 Ra5 55.Re3 e4+ 56.Kxe4 Ra2 57.Kf5  1-0

[Event "Open"]
[Site "Olomouc CZE"]
[Date "2009.08.08"]
[Round "4"]
[White "Maslak,A"]
[Black "Plischki,S"]
[Result "1/2-1/2"]
[WhiteElo "2191"]
[BlackElo "2368"]

1.e4 c5 2.Nf3 e6 3.d4 cxd4 4.Nxd4 Nc6 5.Nc3 Qc7 6.g3 a6 7.Bg2 d6 8.O-O Bd7
9.Be3 Nf6 10.f4 Be7 11.Nb3 O-O 12.g4 Bc8 13.g5 Nd7 14.Rf3 Re8 15.Rh3 g6 16.Qe1 Bf8
17.Qh4 h6 18.Rf1 b5 19.f5 Nde5 20.fxg6 fxg6 21.gxh6 Kh7 22.Nd4 Be7 23.Qg3 Bd7
24.Nce2 Nxd4 25.Bxd4 Rf8 26.c3 Rxf1+ 27.Bxf1 Rf8 28.Nf4 g5 29.Bxe5 dxe5 30.Nd3 Bc5+
31.Nxc5 Qxc5+ 32.Qe3 Qxe3+ 33.Rxe3 Bc6 34.Bg2 Rf4 35.Rd3 Bxe4 36.Bxe4+ Rxe4
37.Rd6 Re2 38.Rxe6  1/2-1/2

[Event "Arctic Chess Challenge"]
[Site "Tromso NOR"]
[Date "2009.08.09"]
[Round "9"]
[White "Haug,M"]
[Black "Gabaldon Gomez,M"]
[Result "1/2-1/2"]
[WhiteElo "1987"]
[BlackElo "2186"]

1.e4 c5 2.Nf3 e6 3.d4 cxd4 4.Nxd4 Nc6 5.Nc3 d6 6.Be2 Nf6 7.O-O Be7 8.Be3 O-O
9.f4 e5 10.Nxc6 bxc6 11.Kh1 exf4 12.Bxf4 Be6 13.Bf3 Qc7 14.Qe1 Nd7 15.Nd5 cxd5
16.exd5 Bxd5 17.Qxe7 Bxf3 18.Rxf3 Rfe8 19.Qxf7+ Kxf7 20.Bxd6+ Nf6 21.Bxc7 Rac8
22.Bg3 Rxc2 23.Rf2 Ree2 24.Rxe2 Rxe2 25.Rb1 Ne4 26.Be1 Ke6 27.Kg1 h5 28.Bb4 Kf5
29.Rf1+ Kg5 30.Re1 Rxe1+ 31.Bxe1 Kf4 32.g3+ Kf3 33.Bb4 g5 34.Be7 g4 35.b4 Nc3
36.a3 Ke2 37.Bf8 a6 38.Kg2 Na4 39.Bg7 Ke1 40.h3 Ke2 41.hxg4  1/2-1/2

[Event "Jubilee Open"]
[Site "Zuerich SUI"]
[Date "2009.08.09"]
[Round "1"]
[White "Sutovsky,E"]
[Black "Schleicher,G"]
[Result "1-0"]
[WhiteElo "2675"]
[BlackElo "2245"]

1.e4 c5 2.Nf3 e6 3.Nc3 Nc6 4.d4 cxd4 5.Nxd4 Nf6 6.Nxc6 bxc6 7.e5 Nd5 8.Ne4 Qc7
9.f4 Qb6 10.c4 Bb4+ 11.Ke2 Ba6 12.Kf3 f5 13.exf6 Nxf6 14.Be3 c5 15.Nxf6+ gxf6
16.a3 Ba5 17.b4 Qc6+ 18.Kf2 cxb4 19.Qh5+  1-0

[Event "24th ICT Acropolis"]
[Site "Chalkida GRE"]
[Date "2009.08.10"]
[Round "1"]
[White "Makropoulou,M"]
[Black "Aroshidze,L"]
[Result "1-0"]
[WhiteElo "2245"]
[BlackElo "2537"]

1.e4 c5 2.Nf3 e6 3.d4 cxd4 4.Nxd4 Nc6 5.Nc3 Qc7 6.Be3 a6 7.Bd3 Nf6 8.O-O Ne5
9.h3 Bc5 10.Kh1 d6 11.f4 Ng6 12.Qf3 O-O 13.f5 Ne5 14.Qg3 b5 15.Rae1 Kh8 16.Qh4 Qa7
17.Nce2 exf5 18.exf5 Bb7 19.Bg5 Ned7 20.Ne6 fxe6 21.fxe6 Ne5 22.e7 Nxd3 23.exf8=Q+ Rxf8
24.cxd3 Qa8 25.Nf4 Kg8 26.Re7 Nh5 27.Rxb7 Nxf4 28.Rxg7+ Kxg7 29.Rxf4 Rxf4
30.Bh6+ Kh8 31.Qxf4 Qd8 32.b4 Bb6 33.Bf8 Kg8 34.Bxd6 h5 35.d4 Qe8 36.Qg5+ Kh7
37.Qf5+ Kg8 38.Be5 Bd8 39.Qf3 Be7 40.Qg3+ Kf7 41.d5 Bf8 42.Qf4+ Kg8 43.Qg5+ Kh7
44.Qf5+ Kg8 45.Qf6 Kh7 46.d6  1-0

[Event "ch-CAN"]
[Site "Guelph CAN"]
[Date "2009.08.10"]
[Round "3"]
[White "Krnan,T"]
[Black "Calugar,A"]
[Result "1/2-1/2"]
[WhiteElo "2439"]
[BlackElo "2072"]

1.e4 c5 2.Nf3 Nc6 3.d4 cxd4 4.Nxd4 e6 5.Nc3 Qc7 6.Be3 a6 7.Qd2 Nf6 8.f3 b5
9.Nb3 Ne5 10.O-O-O Bb7 11.Bf4 d6 12.h4 Be7 13.a3 O-O 14.h5 Rfd8 15.Qf2 Nc4
16.Bxc4 bxc4 17.Nd2 e5 18.Be3 Qc6 19.g4 d5 20.g5 d4 21.gxf6 Qxf6 22.Nd5 Bxd5
23.exd5 c3 24.Ne4 Qb6 25.Nxc3 dxe3 26.Qe2 Rdb8 27.b3 Qa5 28.Qxe3 Bxa3+ 29.Kb1 Bc5
30.Qe1 Bd4 31.Na2 Qa3 32.Rxd4 exd4 33.Qe4 Qc5 34.Rd1 Rc8 35.Rxd4 Re8 36.Qd3 a5
37.Qc3 Qf8 38.Qd2 Re5 39.h6 gxh6 40.d6 a4 41.bxa4 Qb8+ 42.Rb4 Qe8 43.Nc3 Rb8
44.Nb5 Qe6 45.Rd4 Rc5 46.Re4 Re5 47.Rg4+ Rg5 48.Rd4 Rc5 49.Qd3 f5 50.c4 h5
51.f4 h4 52.Kb2 h5 53.Kb3 Qe1 54.d7 Rd8 55.Rd6 Qg3 56.Kb4 Qxd3 57.Rxd3 Rc6
58.c5 Kf7 59.Nd4 Rc7 60.c6 Ra8 61.Nxf5 Rxc6 62.d8=Q Rxd8 63.Rxd8 Rf6 64.Rd5 h3
65.Nd6+ Ke6 66.Kc5 Rxf4 67.a5 Ra4 68.Nc4 h4 69.Rh5 Ra2 70.Rxh4 h2 71.Kb5 Kf5
72.a6 Kg5 73.Rh8 Kf4 74.Na5 Rb2+ 75.Kc5 Rc2+ 76.Kb4 Rb2+ 77.Nb3 Ra2 78.Nc5 Rxa6
79.Rxh2 Ra1 80.Kc4 Ke5 81.Re2+ Kf5 82.Kd4 Rd1+ 83.Nd3 Ra1 84.Re5+ Kf6 85.Rb5 Ra4+
86.Ke3 Rh4 87.Nf2 Ke6 88.Ne4 Rh1 89.Rb6+ Ke5 90.Nd2 Re1+ 91.Kd3 Rh1 92.Nf3+ Kd5
93.Rb5+ Kd6  1/2-1/2

[Event "5th FIDE GP"]
[Site "Jermuk ARM"]
[Date "2009.08.10"]
[Round "2"]
[White "Inarkiev,E"]
[Black "Ivanchuk,V"]
[Result "1/2-1/2"]
[WhiteElo "2675"]
[BlackElo "2703"]

1.e4 c5 2.Nf3 Nc6 3.Nc3 e6 4.d4 cxd4 5.Nxd4 Nf6 6.Ndb5 d6 7.Bf4 e5 8.Bg5 a6
9.Na3 b5 10.Nd5 Be7 11.Bxf6 Bxf6 12.c4 b4 13.Nc2 O-O 14.Be2 a5 15.O-O Rb8
16.Qd3 Bg5 17.Rad1 Be6 18.b3 Kh8 19.Nde3 g6 20.Bg4 Qc8 21.Bxe6 fxe6 22.Qxd6 Rd8
23.Qc5 Rxd1 24.Nxd1 Qd7 25.Nb2 Be7 26.Qe3 Rd8 27.Qb6 Rb8 28.Qe3 Rd8 29.Ne1 Qa7
30.Qxa7 Nxa7 31.Nf3 Nc6 32.Rd1 Rxd1+ 33.Nxd1 Kg7 34.Nb2 h5 35.Kf1 Kf6 36.h3 Nb8
37.Ke2 Nd7 38.Na4 Bd6 39.Kd3 Ke7 40.g4 hxg4 41.hxg4 Kd8 42.Nh4 g5 43.Nf3 Be7
44.Ke3 Kc7 45.Nb2 Kc6 46.Nd3 Bf6 47.Kd2 Kd6 48.Kc2 Be7 49.Kb1 Bf6 50.Kb2 Nb8
51.a3 Nc6 52.axb4 axb4 53.Nfe1 Bd8 54.Nc2 Ba5 55.Kc1 Kd7 56.Nc5+ Kd6 57.Nb7+ Kc7
58.Nc5 Kd6 59.Nb7+ Kc7 60.Nxa5 Nxa5 61.Nxb4 Nxb3+ 62.Kc2 Nd4+ 63.Kd2 Kb6
64.Nd3 Nc6 65.Kc3 Kc7 66.Ne1 Nd4 67.Kd3 Kb7 68.f4 gxf4 69.g5 Nb3 70.Ke2 Nc5
71.Kf3 Nb3 72.g6 Nd2+ 73.Kg4 Nxe4 74.Nd3 Nf6+ 75.Kg5 Ne8 76.Nxe5 Kb6 77.Kxf4 Kc5
78.Ke4 Ng7 79.Nd3+ Kxc4 80.Nf4 Kc5 81.Ke5 Kc6 82.Kf6 e5 83.Kxe5 Kd7 84.Kf6 Ne8+
85.Kf7 Nd6+ 86.Kf8 Nf5 87.Kf7 Nh4 88.g7 Nf5 89.g8=Q Nh6+ 90.Kg7 Nxg8  1/2-1/2

[Event "Pan-American Teams"]
[Site "Mendes BRA"]
[Date "2009.08.10"]
[Round "2"]
[White "Munoz,Li"]
[Black "Vescovi,G"]
[Result "0-1"]
[WhiteElo "2391"]
[BlackElo "2631"]

1.e4 c5 2.Nf3 e6 3.d4 cxd4 4.Nxd4 Nc6 5.Nc3 Qc7 6.Be3 a6 7.Be2 Nf6 8.a3 Be7
9.f4 d6 10.g4 Nxd4 11.Qxd4 e5 12.Qd2 Bxg4 13.Bxg4 Nxg4 14.O-O-O Nxe3 15.Qxe3 Rc8
16.Kb1 exf4 17.Qd2 Qa5 18.Rhg1 Qe5 19.Nd5 O-O 20.Nxe7+ Qxe7 21.Qxf4 Rc6 22.h4 Re8
23.h5 Qe5 24.Qg4 g6 25.Rdf1 Rb6 26.b3 Qxe4 27.Qg3 Rc8 28.Rg2 d5 29.Rh2 Rbc6
30.Re1 Qf5 31.Re5 Qf1+ 32.Re1 Qf6 33.Rf2 Qd8 34.Qf3 R6c7 35.Rfe2 Qd6 36.h6 Rf8
37.Re8 Rc8 38.R8e7 Qh2 39.R1e2 Qxh6 40.Qxd5 Rcd8 41.Rd7 Rxd7 42.Qxd7 Qh1+
43.Kb2 Qc6 44.Qh3 Re8 45.Rh2 h5 46.a4 b5 47.axb5 axb5  0-1

[Event "Asian Zone 3.2 w"]
[Site "New Delhi IND"]
[Date "2009.08.10"]
[Round "2"]
[White "Nadig,K"]
[Black "Sultana,S"]
[Result "1/2-1/2"]
[WhiteElo "2268"]
[BlackElo "1974"]

1.e4 c5 2.Nf3 e6 3.d4 cxd4 4.Nxd4 Nc6 5.Nc3 a6 6.Be3 Qc7 7.Qd2 Nf6 8.O-O-O Bb4
9.f3 Ne7 10.g4 d5 11.e5 Nd7 12.f4 Nc5 13.Bg2 Na4 14.Nde2 Nxc3 15.Nxc3 Bxc3
16.Qxc3 Qxc3 17.bxc3 b5 18.Bc5 Bb7 19.Rhf1 Rc8 20.Bd4 g6 21.Bf3 Nc6 22.f5 Nxd4
23.cxd4 Ke7 24.fxe6 fxe6 25.g5 Rhf8 26.Bg4 Rxf1 27.Rxf1 Rc4 28.Rf4 Rc3 29.h4 Rg3
30.Kb2 Bc6 31.a3 a5 32.Be2 Rg2 33.Bd3 Rh2 34.Kc1 Bd7 35.Kb2 Bc6 36.Kc3 Bd7
37.Bf1 Bc6 38.Rg4 Bd7 39.Bg2 Bc6 40.Kb2 Bd7 41.Kb3 Bc6 42.Bf3 Bb7 43.Rf4 Rh3
44.Kb2 Rg3 45.Kc1 Rg1+ 46.Kb2 Rg3 47.Bg4 Rg2 48.Kb3 Rg3+ 49.Bf3 Bc6 50.c3 Rg1
51.Rf6 Bd7 52.Rf4 Rg3 53.Kc2 Rg1 54.Kb2 Bc6 55.Rg4 Rf1 56.Rg3 Rf2+ 57.Kb1 Rf1+
58.Kc2 Rf2+ 59.Kb3 Bd7 60.Bd1 Rh2 61.Rg4 a4+ 62.Kb4 Rd2 63.Rg1 Rb2+ 64.Kc5 Ra2
65.Kb4 Rb2+ 66.Kc5 Ra2 67.Kb4  1/2-1/2